[Event "XXVII Miedzynarodowy Festiwal Szachowy im. Jozefa Dominika"]
[Site "Dobczyce"]
[Date "2019.07.06"]
[Round "2.9"]
[White "Klementys, Jerzy"]
[Black "Krawczyk, Wojciech"]
[Result "0-1"]
[BlackElo "1780"]
[WhiteElo "1656"]
[LiveChessVersion "1.4.8"]

1. d4 {[%clk 1:30:59]} Nf6 {[%clk 1:30:45]} 2. c4 {[%clk 1:31:28]} e6
{[%clk 1:31:07]} 3. Nc3 {[%clk 1:31:52]} Bb4 {[%clk 1:31:10]} 4. Nf3
{[%clk 1:32:03]} h6 {[%clk 1:30:16]} 5. e3 {[%clk 1:31:46]} c5 {[%clk 1:27:57]}
6. Bd3 {[%clk 1:30:44]} O-O {[%clk 1:28:08]} 7. O-O {[%clk 1:31:12]} cxd4
{[%clk 1:27:09]} 8. exd4 {[%clk 1:31:19]} d5 {[%clk 1:26:39]} 9. a3
{[%clk 1:31:34]} dxc4 {[%clk 1:24:58]} 10. Bxc4 {[%clk 1:31:46]} Bxc3
{[%clk 1:23:08]} 11. bxc3 {[%clk 1:32:14]} Qc7 {[%clk 1:23:32]} 12. Qe2
{[%clk 1:29:07]} Nc6 {[%clk 1:20:59]} 13. Bb2 {[%clk 1:28:52]} b6
{[%clk 1:21:06]} 14. Rac1 {[%clk 1:26:40]} Bb7 {[%clk 1:19:16]} 15. Ba2
{[%clk 1:25:48]} Rac8 {[%clk 1:18:54]} 16. Rfd1 {[%clk 1:24:21]} Na5
{[%clk 1:17:57]} 17. Ne5 {[%clk 1:24:33]} Nd7 {[%clk 1:17:41]} 18. f4
{[%clk 1:10:46]} Nxe5 {[%clk 1:06:32]} 19. fxe5 {[%clk 1:08:19]} Nc4
{[%clk 1:06:38]} 20. Bxc4 {[%clk 1:05:22]} Qxc4 {[%clk 1:05:27]} 21. Qxc4
{[%clk 1:05:34]} Rxc4 {[%clk 1:05:52]} 22. Rd3 {[%clk 1:05:42]} Rd8
{[%clk 1:05:27]} 23. g4 {[%clk 1:00:43]} Be4 {[%clk 1:04:36]} 24. Rg3
{[%clk 1:00:59]} Rd5 {[%clk 1:04:07]} 25. Rf1 {[%clk 0:58:55]} Rb5
{[%clk 1:01:19]} 26. Rf2 {[%clk 0:59:09]} Rb3 {[%clk 0:56:23]} 27. h4
{[%clk 0:58:38]} Rxd4 {[%clk 0:55:27]} 28. Re3 {[%clk 0:54:57]} Bd5
{[%clk 0:49:40]} 0-1

[Event "XXVII Miedzynarodowy Festiwal Szachowy im. Jozefa Dominika"]
[Site "Dobczyce"]
[Date "2019.07.06"]
[Round "3.1"]
[White "Kyc, Jerzy"]
[Black "Gbyl, Andrzej"]
[Result "1-0"]
[BlackElo "2234"]
[WhiteElo "2279"]
[LiveChessVersion "1.4.8"]

1. e4 {[%clk 1:30:59]} e6 {[%clk 1:30:49]} 2. d4 {[%clk 1:31:26]} d5
{[%clk 1:31:13]} 3. Nd2 {[%clk 1:31:55]} Nf6 {[%clk 1:31:36]} 4. e5
{[%clk 1:32:23]} Nfd7 {[%clk 1:31:58]} 5. Bd3 {[%clk 1:32:52]} c5
{[%clk 1:32:21]} 6. c3 {[%clk 1:33:21]} Nc6 {[%clk 1:32:38]} 7. Ne2
{[%clk 1:33:50]} cxd4 {[%clk 1:32:59]} 8. cxd4 {[%clk 1:34:18]} f6
{[%clk 1:33:23]} 9. exf6 {[%clk 1:34:45]} Nxf6 {[%clk 1:33:48]} 10. Nf3
{[%clk 1:35:06]} Bd6 {[%clk 1:34:09]} 11. O-O {[%clk 1:35:31]} Qc7
{[%clk 1:34:29]} 12. Nc3 {[%clk 1:35:55]} a6 {[%clk 1:34:54]} 13. Bg5
{[%clk 1:32:34]} O-O {[%clk 1:34:24]} 14. Rc1 {[%clk 1:32:07]} h6
{[%clk 1:32:35]} 15. Bh4 {[%clk 1:32:22]} Nh5 {[%clk 1:27:38]} 16. Re1
{[%clk 1:31:09]} Bf4 {[%clk 1:21:07]} 17. Rc2 {[%clk 1:31:25]} g5
{[%clk 1:19:40]} 18. Bg3 {[%clk 1:31:19]} Qg7 {[%clk 1:18:11]} 19. Bxf4
{[%clk 1:24:33]} Nxf4 {[%clk 1:17:37]} 20. Bf1 {[%clk 1:24:24]} Ng6
{[%clk 1:06:27]} 21. Na4 {[%clk 1:08:15]} g4 {[%clk 0:56:39]} 22. Ne5
{[%clk 1:08:04]} Ngxe5 {[%clk 0:56:14]} 23. dxe5 {[%clk 1:08:12]} Nxe5
{[%clk 0:32:08]} 24. Nb6 {[%clk 1:08:09]} Rb8 {[%clk 0:32:32]} 25. Qc1
{[%clk 1:07:27]} Nc6 {[%clk 0:31:48]} 26. Nxc8 {[%clk 1:05:50]} Rbxc8
{[%clk 0:32:11]} 27. Rxe6 {[%clk 1:04:18]} Rf6 {[%clk 0:30:20]} 28. Rxf6
{[%clk 1:04:14]} Qxf6 {[%clk 0:30:45]} 29. Qd1 {[%clk 1:04:29]} Qg5
{[%clk 0:29:18]} 30. h3 {[%clk 0:57:38]} h5 {[%clk 0:26:46]} 31. hxg4
{[%clk 0:55:04]} hxg4 {[%clk 0:27:07]} 32. Rc3 {[%clk 0:55:20]} Rf8
{[%clk 0:16:14]} 33. Rg3 {[%clk 0:54:34]} Rf4 {[%clk 0:16:38]} 34. Be2
{[%clk 0:54:45]} Rd4 {[%clk 0:15:21]} 35. Rxg4 {[%clk 0:54:53]} Rxg4
{[%clk 0:15:31]} 36. Bxg4 {[%clk 0:55:18]} Qe5 {[%clk 0:12:33]} 37. Bc8
{[%clk 0:54:54]} Nd4 {[%clk 0:10:13]} 38. Bxb7 {[%clk 0:54:37]} a5
{[%clk 0:10:03]} 39. Qg4+ {[%clk 0:52:54]} Kf8 {[%clk 0:09:58]} 40. Qc8+
{[%clk 0:53:01]} Ke7 {[%clk 0:09:58]} 41. Qc5+ {[%clk 0:53:15]} Ke6
{[%clk 0:10:20]} 42. Qb6+ {[%clk 0:53:05]} Ke7 {[%clk 0:09:16]} 43. Qxa5
{[%clk 0:53:03]} Qe4 {[%clk 0:04:57]} 44. Qc7+ {[%clk 0:49:08]} Ke6
{[%clk 0:04:01]} 45. Bc8+ {[%clk 0:46:37]} Kf6 {[%clk 0:04:28]} 46. Qd6+
{[%clk 0:42:01]} Kf7 {[%clk 0:04:19]} 47. Qd7+ {[%clk 0:38:03]} Kf6
{[%clk 0:04:25]} 48. Ba6 {[%clk 0:30:48]} Qe1+ {[%clk 0:03:11]} 49. Kh2
{[%clk 0:31:15]} Qe5+ {[%clk 0:02:12]} 50. g3 {[%clk 0:30:32]} Qh5+
{[%clk 0:02:37]} 51. Kg2 {[%clk 0:29:19]} Qf3+ {[%clk 0:02:53]} 52. Kg1
{[%clk 0:29:22]} Qd1+ {[%clk 0:02:20]} 53. Bf1 {[%clk 0:29:40]} Nf3+
{[%clk 0:02:02]} 54. Kg2 {[%clk 0:30:05]} Ne1+ {[%clk 0:02:22]} 55. Kh1
{[%clk 0:30:21]} Nf3 {[%clk 0:02:21]} 56. Qd6+ {[%clk 0:30:35]} Kf5
{[%clk 0:02:18]} 57. Qf8+ {[%clk 0:30:23]} Kg6 {[%clk 0:02:35]} 58. Qe8+
{[%clk 0:30:48]} Kg5 {[%clk 0:02:28]} 59. Qe3+ {[%clk 0:30:08]} Kg4
{[%clk 0:02:21]} 60. Qe2 {[%clk 0:30:12]} 1-0

[Event "XXVII Miedzynarodowy Festiwal Szachowy im. Jozefa Dominika"]
[Site "Dobczyce"]
[Date "2019.07.06"]
[Round "3.2"]
[White "Luberanski, Jakub"]
[Black "Widla, Piotr"]
[Result "1-0"]
[BlackElo "1989"]
[WhiteElo "2010"]
[LiveChessVersion "1.4.8"]

1. e4 {[%clk 1:30:59]} c5 {[%clk 1:30:50]} 2. Nf3 {[%clk 1:31:23]} d6
{[%clk 1:31:15]} 3. d4 {[%clk 1:31:49]} cxd4 {[%clk 1:31:38]} 4. Nxd4
{[%clk 1:32:15]} Nf6 {[%clk 1:32:04]} 5. Nc3 {[%clk 1:32:42]} a6 {[%clk 1:32:26]}
6. h3 {[%clk 1:33:07]} e6 {[%clk 1:32:47]} 7. g4 {[%clk 1:33:31]} h6
{[%clk 1:33:11]} 8. Bg2 {[%clk 1:33:33]} Be7 {[%clk 1:33:31]} 9. Be3
{[%clk 1:32:54]} O-O {[%clk 1:33:40]} 10. O-O {[%clk 1:32:59]} Nc6
{[%clk 1:32:48]} 11. f4 {[%clk 1:32:43]} Qc7 {[%clk 1:32:20]} 12. g5
{[%clk 1:17:00]} hxg5 {[%clk 1:22:18]} 13. fxg5 {[%clk 1:17:03]} Ne8
{[%clk 1:11:46]} 14. Nf5 {[%clk 0:57:16]} exf5 {[%clk 1:08:54]} 15. Nd5
{[%clk 0:57:39]} Qd8 {[%clk 1:01:25]} 16. Bb6 {[%clk 0:51:58]} Qd7
{[%clk 0:54:58]} 17. Qh5 {[%clk 0:48:42]} g6 {[%clk 0:34:17]} 18. Qh6
{[%clk 0:46:44]} Ng7 {[%clk 0:16:38]} 19. Nf6+ {[%clk 0:45:13]} Bxf6
{[%clk 0:16:20]} 20. gxf6 {[%clk 0:45:41]} Nh5 {[%clk 0:14:39]} 21. Rxf5
{[%clk 0:44:17]} Nxf6 {[%clk 0:11:23]} 22. Rxf6 {[%clk 0:44:17]} Ne5
{[%clk 0:11:34]} 23. Raf1 {[%clk 0:41:00]} Qe7 {[%clk 0:10:01]} 24. Be3
{[%clk 0:35:45]} Re8 {[%clk 0:09:04]} 25. Rxf7 {[%clk 0:22:43]} Qxf7
{[%clk 0:09:29]} 26. Rxf7 {[%clk 0:23:10]} Kxf7 {[%clk 0:09:56]} 27. Qh7+
{[%clk 0:23:07]} Kf6 {[%clk 0:08:53]} 28. h4 {[%clk 0:22:03]} Bg4
{[%clk 0:08:00]} 29. Bg5+ {[%clk 0:20:01]} Ke6 {[%clk 0:08:27]} 30. Qxb7
{[%clk 0:20:06]} Rab8 {[%clk 0:08:27]} 31. Qd5+ {[%clk 0:16:46]} Kd7
{[%clk 0:08:37]} 32. c4 {[%clk 0:14:24]} Be6 {[%clk 0:07:31]} 33. Qd4
{[%clk 0:12:02]} Bxc4 {[%clk 0:06:43]} 34. b3 {[%clk 0:11:38]} Be6
{[%clk 0:05:18]} 35. Qa7+ {[%clk 0:11:29]} Kc6 {[%clk 0:05:15]} 36. Qxa6+
{[%clk 0:11:15]} Kc7 {[%clk 0:05:38]} 37. Qa7+ {[%clk 0:10:25]} Rb7
{[%clk 0:05:26]} 38. Qa5+ {[%clk 0:10:47]} Kb8 {[%clk 0:05:43]} 39. Qd2
{[%clk 0:09:16]} Kc7 {[%clk 0:05:55]} 40. Qd4 {[%clk 0:08:09]} Bd7
{[%clk 0:05:54]} 41. Bd2 {[%clk 0:07:38]} Nc6 {[%clk 0:05:00]} 42. Qc3
{[%clk 0:07:09]} Re5 {[%clk 0:04:54]} 43. Bf4 {[%clk 0:06:58]} Rbb5
{[%clk 0:04:01]} 44. Bxe5 {[%clk 0:07:03]} Rxe5 {[%clk 0:03:35]} 45. b4
{[%clk 0:05:59]} Rb5 {[%clk 0:02:38]} 46. e5 {[%clk 0:04:39]} Rxe5
{[%clk 0:02:40]} 47. a4 {[%clk 0:04:38]} Kb6 {[%clk 0:02:29]} 48. b5
{[%clk 0:03:34]} Rc5 {[%clk 0:01:19]} 49. Qd2 {[%clk 0:03:40]} Kc7
{[%clk 0:01:08]} 50. bxc6 {[%clk 0:04:01]} Bxc6 {[%clk 0:01:37]} 51. Bxc6
{[%clk 0:03:54]} Kxc6 {[%clk 0:02:04]} 52. Qg2+ {[%clk 0:04:09]} Kc7
{[%clk 0:02:12]} 53. Qxg6 {[%clk 0:04:29]} d5 {[%clk 0:02:24]} 54. h5
{[%clk 0:04:36]} 1-0

[Event "XXVII Miedzynarodowy Festiwal Szachowy im. Jozefa Dominika"]
[Site "Dobczyce"]
[Date "2019.07.06"]
[Round "3.3"]
[White "Kuciel, Wladyslaw"]
[Black "Cisek, Kamil"]
[Result "0-1"]
[BlackElo "1891"]
[WhiteElo "1966"]
[LiveChessVersion "1.4.8"]

1. d4 {[%clk 1:30:56]} Nf6 {[%clk 1:30:54]} 2. c4 {[%clk 1:31:18]} e6
{[%clk 1:31:18]} 3. Nf3 {[%clk 1:31:40]} d5 {[%clk 1:31:41]} 4. Nc3
{[%clk 1:32:01]} Be7 {[%clk 1:31:53]} 5. Bf4 {[%clk 1:32:20]} O-O
{[%clk 1:31:29]} 6. e3 {[%clk 1:32:42]} c5 {[%clk 1:30:55]} 7. dxc5
{[%clk 1:30:10]} dxc4 {[%clk 1:27:52]} 8. Qc2 {[%clk 1:29:25]} Bxc5
{[%clk 1:26:15]} 9. Bxc4 {[%clk 1:29:13]} Nc6 {[%clk 1:23:40]} 10. O-O
{[%clk 1:27:19]} a6 {[%clk 1:23:12]} 11. Rfd1 {[%clk 1:26:06]} Qe7
{[%clk 1:23:06]} 12. Na4 {[%clk 1:21:32]} e5 {[%clk 0:57:09]} 13. Nxc5
{[%clk 1:17:33]} exf4 14. exf4 {[%clk 1:16:42]} Bg4 {[%clk 0:56:28]} 15. Re1
{[%clk 1:16:48]} Qc7 {[%clk 0:56:24]} 16. Ne5 {[%clk 1:16:26]} Nb4
{[%clk 0:48:06]} 17. Qc3 {[%clk 1:07:21]} Nbd5 {[%clk 0:47:00]} 18. Bxd5
{[%clk 1:07:11]} Nxd5 {[%clk 0:47:24]} 19. Qd4 {[%clk 1:06:28]} Nf6
{[%clk 0:47:15]} 20. Rac1 {[%clk 1:05:17]} Qb6 {[%clk 0:44:56]} 21. Nxg4
{[%clk 0:58:45]} Nxg4 {[%clk 0:45:18]} 22. Re7 {[%clk 0:58:35]} Rad8
{[%clk 0:44:19]} 23. Qc3 {[%clk 0:56:34]} Qd6 {[%clk 0:43:41]} 24. Re4
{[%clk 0:54:27]} Nf6 {[%clk 0:41:42]} 25. Re5 {[%clk 0:54:01]} Ng4
{[%clk 0:34:04]} 26. Rg5 {[%clk 0:46:36]} f6 {[%clk 0:33:56]} 27. Qb3+
{[%clk 0:46:03]} Kh8 {[%clk 0:33:21]} 28. Rxg4 {[%clk 0:46:10]} Rfe8
{[%clk 0:32:12]} 29. h3 {[%clk 0:44:38]} Rc8 {[%clk 0:32:07]} 30. Qa4
{[%clk 0:36:03]} Red8 {[%clk 0:29:28]} 31. b4 {[%clk 0:26:42]} b6
{[%clk 0:29:16]} 32. Qxa6 {[%clk 0:26:43]} bxc5 {[%clk 0:28:11]} 33. Qxd6
{[%clk 0:26:51]} Rxd6 {[%clk 0:28:40]} 34. Rxc5 {[%clk 0:24:58]} Rxc5
{[%clk 0:29:04]} 35. bxc5 {[%clk 0:25:18]} Ra6 {[%clk 0:27:48]} 36. f5
{[%clk 0:25:21]} Rxa2 {[%clk 0:28:11]} 37. Rc4 {[%clk 0:25:40]} Ra7
{[%clk 0:28:32]} 38. c6 {[%clk 0:25:38]} Rc7 {[%clk 0:28:51]} 39. Rd4
{[%clk 0:22:30]} Kg8 {[%clk 0:28:09]} 40. Rd8+ {[%clk 0:21:42]} Kf7
{[%clk 0:28:33]} 41. Rd7+ {[%clk 0:22:08]} Rxd7 {[%clk 0:28:58]} 42. cxd7
{[%clk 0:22:31]} Ke7 {[%clk 0:29:26]} 43. g4 {[%clk 0:22:41]} Kxd7
{[%clk 0:29:48]} 44. Kg2 {[%clk 0:22:48]} Kd6 {[%clk 0:29:23]} 45. f4 Kd5
{[%clk 0:29:18]} 46. Kf3 {[%clk 0:22:18]} Kd4 {[%clk 0:29:43]} 47. h4
{[%clk 0:20:24]} h6 {[%clk 0:28:31]} 48. h5 {[%clk 0:19:45]} Kd3 {[%clk 0:28:36]}
49. g5 {[%clk 0:18:28]} Kd4 {[%clk 0:29:00]} 50. Kg4 {[%clk 0:15:24]} Ke4
{[%clk 0:24:03]} 51. g6 {[%clk 0:15:45]} Kd4 {[%clk 0:21:16]} 52. Kh4
{[%clk 0:15:31]} Kd3 {[%clk 0:18:32]} 53. Kh3 {[%clk 0:15:50]} Ke2
{[%clk 0:15:40]} 54. Kg2 {[%clk 0:16:17]} Kd3 {[%clk 0:15:25]} 55. Kh3
{[%clk 0:16:32]} Kc4 {[%clk 0:15:10]} 56. Kg4 {[%clk 0:16:40]} Kc5
{[%clk 0:15:03]} 57. Kh3 {[%clk 0:16:48]} Kd5 {[%clk 0:14:30]} 58. Kh4
{[%clk 0:17:01]} Kd4 {[%clk 0:14:50]} 59. Kh3 {[%clk 0:17:21]} Kd3
{[%clk 0:14:57]} 60. Kh2 {[%clk 0:14:06]} Ke4 {[%clk 0:15:16]} 61. Kg3
{[%clk 0:14:33]} Ke3 {[%clk 0:15:32]} 62. Kg4 {[%clk 0:14:02]} Kf2
{[%clk 0:15:57]} 0-1

[Event "XXVII Miedzynarodowy Festiwal Szachowy im. Jozefa Dominika"]
[Site "Dobczyce"]
[Date "2019.07.06"]
[Round "3.4"]
[White "Krawczyk, Wojciech"]
[Black "Slabek, Grzegorz"]
[Result "1/2-1/2"]
[BlackElo "1953"]
[WhiteElo "1780"]
[LiveChessVersion "1.4.8"]

1. d4 {[%clk 1:30:50]} Nf6 {[%clk 1:30:52]} 2. Nf3 {[%clk 1:30:59]} g6
{[%clk 1:31:05]} 3. c4 {[%clk 1:30:54]} Bg7 {[%clk 1:31:26]} 4. Nc3
{[%clk 1:31:15]} O-O {[%clk 1:31:47]} 5. e3 {[%clk 1:31:06]} d6 {[%clk 1:31:58]}
6. Be2 {[%clk 1:31:12]} c6 {[%clk 1:32:12]} 7. O-O {[%clk 1:31:29]} a6
{[%clk 1:32:24]} 8. a4 {[%clk 1:29:53]} a5 {[%clk 1:32:30]} 9. b3
{[%clk 1:29:49]} Na6 {[%clk 1:32:52]} 10. Bb2 {[%clk 1:29:54]} Nb4
{[%clk 1:33:06]} 11. Na2 {[%clk 1:29:58]} Ne4 {[%clk 1:32:35]} 12. Nd2
{[%clk 1:29:19]} Nxd2 {[%clk 1:30:53]} 13. Qxd2 {[%clk 1:29:41]} Nxa2
{[%clk 1:31:16]} 14. Rxa2 {[%clk 1:30:06]} Qb6 {[%clk 1:31:15]} 15. Qc2
{[%clk 1:28:28]} Bf5 {[%clk 1:30:44]} 16. Bd3 {[%clk 1:28:43]} Bxd3
{[%clk 1:31:03]} 17. Qxd3 {[%clk 1:29:04]} d5 {[%clk 1:31:16]} 18. cxd5
{[%clk 1:19:06]} cxd5 {[%clk 1:31:25]} 19. Ba3 {[%clk 1:19:31]} Bf6
{[%clk 1:31:20]} 20. Rc2 {[%clk 1:19:43]} Rfc8 {[%clk 1:31:44]} 21. Rfc1
{[%clk 1:20:04]} Rc6 {[%clk 1:31:44]} 22. Rc5 {[%clk 1:11:42]} e6
{[%clk 1:28:05]} 23. g3 {[%clk 1:06:19]} Rac8 {[%clk 1:24:35]} 24. Kg2
{[%clk 1:05:12]} h5 {[%clk 1:20:44]} 25. h3 {[%clk 1:05:19]} Rxc5 26. Rxc5
{[%clk 1:05:38]} Rc6 {[%clk 1:19:52]} 27. Qc3 {[%clk 1:02:26]} Rxc5
{[%clk 1:19:21]} 28. Qxc5 {[%clk 1:02:08]} Qxc5 {[%clk 1:19:25]} 29. Bxc5
{[%clk 1:02:30]} Bd8 {[%clk 1:19:23]} 30. g4 {[%clk 1:01:11]} hxg4
{[%clk 1:19:45]} 31. hxg4 {[%clk 1:01:38]} f6 {[%clk 1:20:09]} 32. f3
{[%clk 1:01:32]} Kf7 {[%clk 1:20:31]} 33. Kf2 {[%clk 1:01:27]} Ke8
{[%clk 1:20:44]} 34. Ke2 {[%clk 1:01:46]} Kd7 {[%clk 1:21:08]} 35. Kd3
{[%clk 1:01:55]} b6 {[%clk 1:21:06]} 36. Ba3 {[%clk 1:02:12]} f5 {[%clk 1:20:52]}
37. Bf8 {[%clk 1:00:35]} Ke8 {[%clk 1:20:00]} 38. Bd6 {[%clk 1:00:52]} Kf7
{[%clk 1:20:20]} 39. Ke2 {[%clk 1:00:58]} Kf6 {[%clk 1:20:31]} 40. Kf2
{[%clk 1:00:48]} Kf7 {[%clk 1:20:35]} 41. Kg3 {[%clk 1:00:12]} Ke8
{[%clk 1:20:43]} 42. f4 {[%clk 0:57:57]} Kf7 {[%clk 1:19:56]} 43. g5
{[%clk 0:58:06]} Ke8 {[%clk 1:20:04]} 44. Kf3 {[%clk 0:58:24]} Kd7
{[%clk 1:20:29]} 45. Ba3 {[%clk 0:58:45]} Kc6 {[%clk 1:20:42]} 46. Ke2
{[%clk 0:59:01]} b5 {[%clk 1:20:59]} 47. Kd3 {[%clk 0:59:16]} Bc7
{[%clk 1:20:40]} 48. Bb2 {[%clk 0:58:49]} Bd6 {[%clk 1:20:33]} 49. Bc3 1/2-1/2

[Event "XXVII Miedzynarodowy Festiwal Szachowy im. Jozefa Dominika"]
[Site "Dobczyce"]
[Date "2019.07.06"]
[Round "3.5"]
[White "Kawalko, Adam"]
[Black "Madej, Marek"]
[Result "1-0"]
[BlackElo "1843"]
[WhiteElo "1920"]
[LiveChessVersion "1.4.8"]

1. e4 {[%clk 1:30:57]} c5 {[%clk 1:30:43]} 2. Nf3 {[%clk 1:31:11]} e6
{[%clk 1:31:08]} 3. d4 {[%clk 1:31:31]} cxd4 {[%clk 1:31:33]} 4. Nxd4
{[%clk 1:31:58]} Nc6 {[%clk 1:31:54]} 5. Nc3 {[%clk 1:31:33]} Qc7
{[%clk 1:30:51]} 6. Be3 {[%clk 1:30:09]} a6 {[%clk 1:29:50]} 7. Be2
{[%clk 1:27:29]} Nf6 {[%clk 1:29:32]} 8. O-O {[%clk 1:27:08]} b5 {[%clk 1:27:48]}
9. a3 {[%clk 1:25:17]} Bb7 {[%clk 1:27:28]} 10. Kh1 {[%clk 1:11:39]} Be7
{[%clk 1:26:29]} 11. f4 {[%clk 1:10:37]} d6 {[%clk 1:23:36]} 12. Bf3
{[%clk 1:06:25]} O-O {[%clk 1:22:20]} 13. Qe1 {[%clk 1:04:42]} Na5
{[%clk 1:16:31]} 14. Rd1 {[%clk 1:01:26]} Nc4 {[%clk 1:15:27]} 15. Bc1
{[%clk 1:01:25]} Rac8 {[%clk 1:14:45]} 16. Rd3 {[%clk 0:58:39]} Rfd8
{[%clk 1:06:06]} 17. b3 {[%clk 0:52:13]} Nb6 {[%clk 1:04:30]} 18. g4
{[%clk 0:51:05]} h6 {[%clk 0:56:35]} 19. g5 {[%clk 0:49:10]} hxg5
{[%clk 0:56:16]} 20. fxg5 {[%clk 0:48:50]} Nfd7 {[%clk 0:56:40]} 21. g6
{[%clk 0:47:59]} Bf6 {[%clk 0:54:52]} 22. gxf7+ {[%clk 0:47:31]} Kxf7
{[%clk 0:55:03]} 23. Bg4 {[%clk 0:44:45]} Re8 {[%clk 0:49:25]} 24. Bg5
{[%clk 0:41:58]} Ne5 {[%clk 0:36:19]} 25. Bh5+ {[%clk 0:35:12]} Ke7
{[%clk 0:36:42]} 26. Bxf6+ {[%clk 0:34:30]} gxf6 {[%clk 0:37:06]} 27. Rg3
{[%clk 0:33:55]} Rg8 {[%clk 0:36:53]} 28. Qf2 {[%clk 0:32:02]} Nbd7
{[%clk 0:34:00]} 29. Rfg1 {[%clk 0:28:27]} Rxg3 {[%clk 0:33:16]} 30. Qxg3
{[%clk 0:27:46]} Rf8 {[%clk 0:33:14]} 31. Qh3 {[%clk 0:25:42]} Qc8
{[%clk 0:15:45]} 32. Rg7+ {[%clk 0:23:33]} Nf7 {[%clk 0:15:07]} 33. Bxf7
{[%clk 0:23:31]} Rxf7 {[%clk 0:15:25]} 34. Qxe6+ {[%clk 0:23:45]} Kd8
{[%clk 0:15:48]} 35. Rxf7 {[%clk 0:23:48]} f5 {[%clk 0:15:34]} 36. Qxd6 Nb8 1-0

[Event "XXVII Miedzynarodowy Festiwal Szachowy im. Jozefa Dominika"]
[Site "Dobczyce"]
[Date "2019.07.06"]
[Round "3.6"]
[White "Kawula, Andrzej"]
[Black "Iwanczuk, Krzysztof"]
[Result "0-1"]
[BlackElo "1775"]
[WhiteElo "1876"]
[LiveChessVersion "1.4.8"]

1. d4 {[%clk 1:30:52]} Nf6 {[%clk 1:30:48]} 2. c4 {[%clk 1:31:13]} e5
{[%clk 1:29:59]} 3. dxe5 {[%clk 1:30:43]} Ng4 {[%clk 1:30:21]} 4. Nf3
{[%clk 1:30:53]} Bc5 {[%clk 1:30:33]} 5. e3 {[%clk 1:30:53]} Nc6 {[%clk 1:30:52]}
6. Be2 {[%clk 1:28:51]} O-O {[%clk 1:31:04]} 7. O-O {[%clk 1:28:20]} Re8
{[%clk 1:31:02]} 8. b3 {[%clk 1:26:57]} Ngxe5 {[%clk 1:31:10]} 9. Nbd2
{[%clk 1:24:47]} Nxf3+ {[%clk 1:27:37]} 10. Nxf3 {[%clk 1:25:01]} Ne5
{[%clk 1:27:45]} 11. Bb2 {[%clk 1:22:18]} Nxf3+ {[%clk 1:27:29]} 12. Bxf3
{[%clk 1:22:42]} a5 {[%clk 1:27:43]} 13. Qd5 {[%clk 1:22:07]} Qe7
{[%clk 1:27:36]} 14. Rad1 {[%clk 1:18:03]} Ra6 {[%clk 1:27:38]} 15. Bd4
{[%clk 1:09:49]} Bb4 {[%clk 1:24:05]} 16. c5 {[%clk 1:01:50]} Rh6
{[%clk 1:23:10]} 17. g3 {[%clk 1:00:00]} c6 {[%clk 1:19:47]} 18. Qc4
{[%clk 0:58:26]} d6 {[%clk 1:18:49]} 19. cxd6 Bxd6 {[%clk 1:18:23]} 20. Qc3
{[%clk 0:58:09]} Bb4 {[%clk 1:16:38]} 21. Qb2 {[%clk 0:58:16]} Bh3
{[%clk 1:14:18]} 22. Bg2 {[%clk 0:55:26]} Bxg2 {[%clk 1:13:55]} 23. Kxg2
{[%clk 0:55:55]} Qe6 {[%clk 1:13:46]} 24. h4 {[%clk 0:47:38]} Rxh4
{[%clk 1:09:57]} 25. Rh1 {[%clk 0:45:59]} Qd5+ {[%clk 1:01:06]} 26. f3
{[%clk 0:45:32]} Rxh1 {[%clk 1:01:28]} 27. Rxh1 {[%clk 0:45:33]} c5
{[%clk 0:59:45]} 28. Bxg7 {[%clk 0:36:39]} Rxe3 {[%clk 1:00:06]} 29. Rf1
{[%clk 0:35:28]} Qd2+ {[%clk 0:56:27]} 30. Rf2 {[%clk 0:34:50]} Qxb2
{[%clk 0:56:49]} 31. Bxb2 {[%clk 0:35:13]} Bc3 {[%clk 0:54:28]} 32. Bc1
{[%clk 0:34:42]} Re1 {[%clk 0:53:43]} 33. Rc2 {[%clk 0:32:29]} Bd4
{[%clk 0:54:00]} 34. f4 {[%clk 0:32:07]} f5 {[%clk 0:51:52]} 35. Kf3
{[%clk 0:29:13]} Kf7 {[%clk 0:49:36]} 36. a3 {[%clk 0:25:00]} Ke6
{[%clk 0:48:40]} 37. b4 {[%clk 0:18:28]} axb4 {[%clk 0:48:36]} 38. axb4
{[%clk 0:18:49]} cxb4 {[%clk 0:48:02]} 39. Bb2 {[%clk 0:15:49]} Re3+
{[%clk 0:47:51]} 40. Kg2 {[%clk 0:16:02]} Kd5 {[%clk 0:47:48]} 41. Bxd4
{[%clk 0:15:12]} Kxd4 {[%clk 0:48:03]} 42. Rc7 {[%clk 0:15:22]} b5
{[%clk 0:48:16]} 43. Kf2 {[%clk 0:15:21]} Re4 {[%clk 0:48:17]} 44. Rb7
{[%clk 0:11:04]} b3 {[%clk 0:48:39]} 45. Rxb5 {[%clk 0:11:24]} Kc3
{[%clk 0:49:02]} 46. Rc5+ {[%clk 0:09:45]} Rc4 {[%clk 0:49:23]} 47. Re5
{[%clk 0:10:08]} b2 {[%clk 0:49:33]} 0-1

[Event "XXVII Miedzynarodowy Festiwal Szachowy im. Jozefa Dominika"]
[Site "Dobczyce"]
[Date "2019.07.06"]
[Round "3.7"]
[White "Dziewonski, Dariusz"]
[Black "Cichon, Jakub"]
[Result "1/2-1/2"]
[BlackElo "1707"]
[WhiteElo "1879"]
[LiveChessVersion "1.4.8"]

1. e4 {[%clk 1:30:57]} c5 {[%clk 1:30:56]} 2. Nf3 {[%clk 1:31:21]} d6
{[%clk 1:31:23]} 3. d4 {[%clk 1:31:46]} cxd4 {[%clk 1:31:50]} 4. Nxd4
{[%clk 1:32:12]} Nf6 {[%clk 1:32:16]} 5. Nc3 {[%clk 1:32:38]} a6 {[%clk 1:32:43]}
6. Bc4 {[%clk 1:33:02]} e6 {[%clk 1:30:57]} 7. O-O {[%clk 1:33:11]} Be7
{[%clk 1:30:43]} 8. Bb3 {[%clk 1:33:07]} O-O {[%clk 1:30:56]} 9. Qf3
{[%clk 1:22:13]} Bd7 {[%clk 1:22:05]} 10. Qg3 {[%clk 1:15:47]} Nc6
{[%clk 1:19:26]} 11. Be3 {[%clk 1:13:09]} Nh5 {[%clk 1:05:37]} 12. Qf3
{[%clk 1:06:52]} Nf6 {[%clk 1:03:55]} 13. Qe2 {[%clk 1:05:04]} b5
{[%clk 1:02:44]} 14. a3 {[%clk 1:01:01]} Qc7 {[%clk 0:56:37]} 15. Nxc6
{[%clk 0:54:36]} Bxc6 {[%clk 0:55:21]} 16. f3 {[%clk 0:52:34]} Rfd8
{[%clk 0:53:45]} 17. Rad1 {[%clk 0:50:03]} Qb7 {[%clk 0:51:15]} 18. Rd2
{[%clk 0:41:58]} a5 {[%clk 0:46:48]} 19. Qf2 {[%clk 0:32:58]} a4 {[%clk 0:43:32]}
20. Ba2 {[%clk 0:33:08]} b4 {[%clk 0:43:21]} 21. axb4 {[%clk 0:30:09]} Qxb4
{[%clk 0:42:02]} 22. Rb1 {[%clk 0:29:21]} a3 {[%clk 0:37:14]} 23. Rd4
{[%clk 0:25:40]} Qa5 {[%clk 0:36:34]} 24. Rc4 {[%clk 0:20:06]} Rdc8
{[%clk 0:33:24]} 25. b4 {[%clk 0:15:23]} Qd8 {[%clk 0:32:06]} 26. b5
{[%clk 0:12:47]} Bb7 {[%clk 0:30:57]} 27. Rxc8 {[%clk 0:12:34]} Qxc8
{[%clk 0:27:31]} 28. Qd2 {[%clk 0:11:34]} Qc7 {[%clk 0:22:48]} 29. Qd4
{[%clk 0:07:48]} Nd7 {[%clk 0:20:56]} 30. Qd2 {[%clk 0:04:41]} Nb6
{[%clk 0:17:05]} 1/2-1/2